[Event "Aberto Brasil - II Niterói Chess Open "]
[Site "Salão de Convenções do Hot"]
[Date "2022.09.03"]
[Round "4.8"]
[White "Molina, Roberto Junio Brito"]
[Black "Boff, Lucas Strauss"]
[Result "1-0"]
[WhiteElo "2390"]
[BlackElo "2043"]
[PlyCount "143"]
[EventDate "2022.09.01"]
[EventRounds "9"]
[EventCountry "BRA"]

{[%evp 0,143,20,18,78,74,81,75,87,61,52,47,47,40,31,33,56,47,70,79,63,51,55,91,
83,-74,-14,-28,-28,-28,59,28,32,37,33,40,30,36,39,50,56,30,115,116,142,18,29,
20,17,0,0,0,-19,0,69,38,66,-19,378,25,60,36,18,-11,42,79,144,90,163,-82,308,88,
489,533,544,545,565,189,230,209,242,234,278,278,293,170,365,359,380,152,152,
157,152,157,145,176,103,127,84,206,79,141,79,131,203,180,262,281,306,277,309,
309,352,242,299,274,274,243,182,91,145,113,197,75,82,76,84,76,75,72,116,89,143,
178,261,274,282,283,407,416,424,424,1244,1914,2356,29960]} 1. e4 {[%emt 0:14:
32]} d6 {[%emt 0:00:26]} 2. d4 {[%emt 0:01:17]} Nf6 {[%emt 0:00:14]} 3. Nc3 {
[%emt 0:00:06]} g6 {[%emt 0:00:16]} 4. f3 {[%emt 0:00:14]} c6 {[%emt 0:01:07]}
5. Be3 {[%emt 0:00:07]} Nbd7 {[%emt 0:00:45]} 6. Qd2 {[%emt 0:00:19]} b5 {
[%emt 0:00:44]} 7. g4 {[%emt 0:00:30]} Nb6 {[%emt 0:05:28]} 8. h4 {[%emt 0:05:
44]} h5 {[%emt 0:01:37]} 9. g5 {[%emt 0:00:07]} Nfd7 {[%emt 0:13:55]} 10. d5 {
[%emt 0:00:52]} Ne5 {[%emt 0:00:45]} 11. Bd4 {[%emt 0:00:24]} b4 {[%emt 0:06:
10]} 12. f4 {[%emt 0:36:13]} c5 {[%emt 0:02:47]} 13. fxe5 {[%emt 0:06:06]} cxd4
{[%emt 0:00:44]} 14. Qxd4 {[%emt 0:14:08]} Bg7 {[%emt 0:11:31]} 15. Qxb4 {
[%emt 0:00:10]} Bxe5 {[%emt 0:00:27]} 16. Bb5+ {[%emt 0:00:33]} Bd7 {[%emt 0:
01:58]} 17. Nf3 {[%emt 0:01:26]} Bg7 {[%emt 0:16:23]} 18. O-O-O {[%emt 0:01:13]
} O-O {[%emt 0:00:32]} 19. Nd4 {[%emt 0:01:31]} a6 {[%emt 0:16:32]} 20. Bxd7 {
[%emt 0:00:56]} Nxd7 {[%emt 0:00:20]} 21. Nc6 {[%emt 0:00:16]} Qc7 {[%emt 0:00:
50]} 22. Rh3 {[%emt 0:04:28]} Ne5 {[%emt 0:00:31]} 23. Qa4 {[%emt 0:04:08]}
Rfc8 {[%emt 0:04:04]} 24. Nxe5 {[%emt 0:03:28]} Bxe5 {[%emt 0:00:10]} 25. Ne2 {
[%emt 0:00:41]} Rab8 {[%emt 0:05:15]} 26. Nd4 {[%emt 0:00:43]} Qa7 {[%emt 0:00:
13]} 27. Rhd3 {[%emt 0:01:09]} Qc5 {[%emt 0:04:04]} 28. a3 {[%emt 0:00:36]} Rb6
{[%emt 0:01:24]} 29. Kb1 {[%emt 0:01:10]} Rcb8 {[%emt 0:01:04]} 30. Rb3 {
[%emt 0:01:26]} Rxb3 {[%emt 0:02:26]} 31. cxb3 {[%emt 0:00:20]} Rc8 {[%emt 0:
01:04]} 32. Ka2 {[%emt 0:00:24]} Bg7 {[%emt 0:00:48]} 33. Nc6 {[%emt 0:00:47]}
Rc7 {[%emt 0:00:29]} 34. Qa5 {[%emt 0:00:55]} Qf2 {[%emt 0:01:05]} 35. Rd2 {
[%emt 0:00:03]} Qe3 {[%emt 0:00:05]} 36. Rc2 {[%emt 0:01:00]} Rd7 {[%emt 0:00:
24]} 37. Qxa6 {[%emt 0:00:21]} Qxe4 {[%emt 0:00:38]} 38. Qc4 {[%emt 0:00:12]}
Qf3 {[%emt 0:01:32]} 39. b4 {[%emt 0:00:07]} Kh7 {[%emt 0:00:25]} 40. b5 {
[%emt 0:00:33]} Rb7 {[%emt 0:00:20]} 41. a4 {[%emt 0:00:04]} Qf5 {[%emt 0:00:
10]} 42. Qb3 {[%emt 0:01:10]} e6 {[%emt 0:00:06]} 43. dxe6 {[%emt 0:01:02]}
fxe6 {[%emt 0:00:05]} 44. Rc4 {[%emt 0:00:16]} d5 {[%emt 0:00:23]} 45. Rb4 {
[%emt 0:00:12]} Bf8 {[%emt 0:00:29]} 46. Rd4 {[%emt 0:00:03]} Bg7 {[%emt 0:00:
05]} 47. Rd2 {[%emt 0:00:39]} Qf4 {[%emt 0:00:38]} 48. Qb4 {[%emt 0:00:46]} Qf1
{[%emt 0:00:39]} 49. Nd8 {[%emt 0:00:54]} Rc7 {[%emt 0:01:26]} 50. Nc6 {
[%emt 0:00:40]} Rb7 {[%emt 0:00:04]} 51. Rc2 {[%emt 0:00:32]} Qd3 {[%emt 0:00:
38]} 52. Rf2 {[%emt 0:00:27]} e5 {[%emt 0:00:40]} 53. Qb3 {[%emt 0:00:19]}
Qxb3+ {[%emt 0:01:22]} 54. Kxb3 {[%emt 0:00:01]} e4 {[%emt 0:00:08]} 55. Re2 {
[%emt 0:00:46]} Bf8 {[%emt 0:00:30]} 56. Kc3 {[%emt 0:00:07]} Bg7+ {[%emt 0:00:
12]} 57. Kb4 {[%emt 0:00:07]} Bf8+ {[%emt 0:01:04]} 58. Ka5 {[%emt 0:00:03]}
Bc5 {[%emt 0:00:08]} 59. Rd2 {[%emt 0:00:47]} Rd7 {[%emt 0:01:05]} 60. b6 {
[%emt 0:01:02]} e3 {[%emt 0:00:24]} 61. Re2 {[%emt 0:00:20]} d4 {[%emt 0:00:12]
} 62. Nxd4 {[%emt 0:00:29]} Bxd4 {[%emt 0:00:49]} 63. Kb5 {[%emt 0:00:20]} Kg7
{[%emt 0:00:33]} 64. a5 {[%emt 0:00:13]} Rd5+ {[%emt 0:00:28]} 65. Kc4 {
[%emt 0:00:23]} Rxa5 {[%emt 0:00:08]} 66. b4 {[%emt 0:00:38]} Bxb6 {[%emt 0:00:
34]} 67. bxa5 {[%emt 0:00:05]} Bxa5 {[%emt 0:00:06]} 68. Rxe3 {[%emt 0:00:06]}
Kf7 {[%emt 0:00:11]} 69. Kd5 {[%emt 0:00:30]} Bc7 {[%emt 0:00:51]} 70. Rb3 {
[%emt 0:00:26]} Ke7 {[%emt 0:00:54]} 71. Rb7 {[%emt 0:00:08]} Kd7 {[%emt 0:00:
05]} 72. Rxc7+ {[%emt 0:00:12]} 1-0

[Event "Aberto Brasil - II Niterói Chess Open "]
[Site "Salão de Convenções do Hot"]
[Date "2022.09.03"]
[Round "4.9"]
[White "Ribeiro, Matheus Mendes Domi"]
[Black "Quintiliano Pinto, Renato R."]
[Result "0-1"]
[WhiteElo "2142"]
[BlackElo "2504"]
[PlyCount "46"]
[EventDate "2022.09.01"]
[EventRounds "9"]
[EventCountry "BRA"]

1. c4 e6 2. Nf3 Nf6 3. Nc3 d5 4. e3 c6 5. b3 Bd6 6. Bb2 O-O 7. d4 Nbd7 8. Bd3
Re8 9. O-O e5 10. dxe5 Nxe5 11. Be2 Nxf3+ 12. Bxf3 dxc4 13. bxc4 Bf5 14. Qb3
Ng4 15. Bxg4 Bxg4 16. h3 Bxh3 17. f4 Rxe3 18. Rad1 Bxg2 19. Rf2 Bf3 20. Rxf3
Rxf3 21. Qxb7 Rxf4 22. Rxd6 Qg5+ 23. Kh1 Rh4# 0-1

[Event "Aberto Brasil - II Niterói Chess Open "]
[Site "Salão de Convenções do Hot"]
[Date "2022.09.03"]
[Round "4.10"]
[White "Lima, Kleyton Alcantara"]
[Black "Barbosa, Evandro Amorim"]
[Result "0-1"]
[WhiteElo "2107"]
[BlackElo "2481"]
[PlyCount "100"]
[EventDate "2022.09.01"]
[EventRounds "9"]
[EventCountry "BRA"]

1. e4 e6 2. d4 d5 3. Nd2 h6 4. c3 c5 5. Ngf3 cxd4 6. Nxd4 Nf6 7. exd5 Qxd5 8.
N4f3 Be7 9. Be2 O-O 10. O-O Rd8 11. Qc2 Qf5 12. Qxf5 exf5 13. Bc4 Nc6 14. Re1
g5 15. Nb3 f4 16. Nfd4 Nxd4 17. Nxd4 Bc5 18. b3 a6 19. h4 b5 20. hxg5 hxg5 21.
Be2 Bb7 22. Bf3 Bxf3 23. gxf3 Rac8 24. Bb2 b4 25. Red1 Bxd4 26. cxd4 Rc2 27.
Bc1 Nd5 28. Kg2 f6 29. a3 a5 30. axb4 axb4 31. Kf1 Kf7 32. Rd2 Rdc8 33. Rxc2
Rxc2 34. Ke1 Rc3 35. Ke2 Rxb3 36. Ra5 Ke6 37. Bd2 Rb1 38. Ra6+ Kd7 39. Kd3 Rb2
40. Ra5 Kc6 41. Rc5+ Kd6 42. Rb5 f5 43. Kc4 Rxd2 44. Rxd5+ Ke6 45. Re5+ Kf6 46.
Ra5 Rxf2 47. Ra6+ Kf7 48. Kxb4 g4 49. d5 g3 50. d6 Ke6 0-1

[Event "Aberto Brasil - II Niterói Chess Open "]
[Site "Salão de Convenções do Hot"]
[Date "2022.09.03"]
[Round "4.11"]
[White "Loureiro, Luiz Vasconcellos"]
[Black "Tomiello, Lucas Costamilan"]
[Result "1/2-1/2"]
[WhiteElo "2334"]
[BlackElo "2147"]
[PlyCount "80"]
[EventDate "2022.09.01"]
[EventRounds "9"]
[EventCountry "BRA"]

1. d4 Nf6 2. c4 e6 3. Nc3 Bb4 4. e3 O-O 5. Bd3 d5 6. cxd5 exd5 7. Nge2 Re8 8.
Bd2 b6 9. Rc1 Ba6 10. Bxa6 Nxa6 11. Qa4 Qc8 12. O-O Qb7 13. Rfd1 Bd6 14. a3 c6
15. Ng3 Nb8 16. Nce2 a5 17. Qc2 a4 18. f3 c5 19. Nf1 c4 20. Be1 b5 21. Bg3 Bxg3
22. Nexg3 Nc6 23. Kh1 Qb6 24. Qd2 Rad8 25. Ra1 b4 26. axb4 Ra8 27. e4 dxe4 28.
Ne3 Rad8 29. Ngf5 Qb5 30. Qc3 Nxb4 31. Qxc4 Qb7 32. fxe4 Nxe4 33. Kg1 Nd5 34.
Nxd5 Rxd5 35. Qxa4 Red8 36. Ne3 Rb5 37. d5 Nd6 38. Qa7 Qxa7 39. Rxa7 Rxb2 40.
Rda1 Rbb8 1/2-1/2

[Event "Aberto Brasil - II Niterói Chess Open "]
[Site "Salão de Convenções do Hot"]
[Date "2022.09.03"]
[Round "4.12"]
[White "Zacarias, Rodrigo Medeiros"]
[Black "Rodi, Luis Ernesto"]
[Result "1/2-1/2"]
[WhiteElo "2095"]
[BlackElo "2327"]
[PlyCount "160"]
[EventDate "2022.09.01"]
[EventRounds "9"]
[EventCountry "BRA"]

1. e4 e5 2. Nf3 Nc6 3. Bb5 a6 4. Ba4 d6 5. O-O Bg4 6. c3 Qf6 7. d3 Nge7 8. Be3
Bxf3 9. Qxf3 Qxf3 10. gxf3 g5 11. Kh1 f6 12. Nd2 Ng6 13. b4 Be7 14. Bb3 Kd7 15.
Rfb1 Raf8 16. Bc2 Nh4 17. b5 axb5 18. a4 b4 19. cxb4 f5 20. exf5 Nxf5 21. a5
Ncd4 22. Bd1 Ra8 23. b5 Rhf8 24. a6 b6 25. f4 gxf4 26. Bxd4 Nxd4 27. Nf3 Nf5
28. Bb3 Bf6 29. Bd5 Ra7 30. Ra2 Ne7 31. Bb7 Ng6 32. Rc2 Rf7 33. Rbc1 Kd8 34.
Nd2 Nf8 35. Ne4 Ne6 36. Rg1 Rf8 37. Nxf6 Rxf6 38. Rg8+ Rf8 39. Rxf8+ Nxf8 40.
f3 Ne6 41. Rg2 Ke7 42. Rg8 Nd4 43. Rg7+ Kf6 44. Rxc7 Nxb5 45. Rc6 Ke7 46. Rxb6
Nc7 47. Kg2 Kd7 48. Bc6+ Ke7 49. Rb7 Rxb7 50. axb7 Na6 51. Be4 h6 52. Kh3 Kd7
53. Kg4 Kc7 54. d4 exd4 55. Kxf4 Nc5 56. Bd5 Nxb7 57. Ke4 Nc5+ 58. Kxd4 Kd7 59.
Ke3 Ke7 60. Kf4 Kf6 61. h4 Nd7 62. Kg4 Kg6 63. Be4+ Kf6 64. f4 Nc5 65. Bc2 Ne6
66. Be4 Ng7 67. Bd5 Nf5 68. Be4 h5+ 69. Kh3 Ne3 70. Bf3 Kg6 71. Be4+ Kh6 72.
Kg3 d5 73. Bd3 Kg7 74. Kf3 d4 75. Ke4 Ng2 76. Be2 d3 77. Bxd3 Nxh4 78. Be2 Kh6
79. Bxh5 Kxh5 80. f5 Nxf5 1/2-1/2

[Event "Aberto Brasil - II Niterói Chess Open "]
[Site "Salão de Convenções do Hot"]
[Date "2022.09.03"]
[Round "4.13"]
[White "Baules Rodriguez, Jorge Luis"]
[Black "Do Nascimento, Christian Almeida"]
[Result "1-0"]
[WhiteElo "2307"]
[BlackElo "2089"]
[PlyCount "71"]
[EventDate "2022.09.01"]
[EventRounds "9"]
[EventCountry "BRA"]

1. e4 e6 2. d4 d5 3. Nd2 Nc6 4. Ngf3 Nf6 5. e5 Nd7 6. Bb5 a6 7. Bxc6 bxc6 8.
O-O c5 9. Nb3 Be7 10. Na5 O-O 11. Be3 Qe8 12. c3 cxd4 13. cxd4 c5 14. Rc1 c4
15. b3 Nb6 16. bxc4 Bb4 17. Bd2 Bxd2 18. Nxd2 dxc4 19. Ndxc4 Nxc4 20. Nxc4 Bb7
21. Nd6 Qe7 22. Qh5 Bd5 23. a3 Rab8 24. Rc3 Rb3 25. Rxb3 Bxb3 26. Rb1 Bd5 27.
h4 Qc7 28. Qg5 Qc3 29. Qe3 Qc2 30. Rc1 Qb2 31. Rc7 Qb6 32. Qc3 Qb1+ 33. Kh2 Qf1
34. Qg3 Qa1 35. Qf4 Qf1 36. f3 1-0

[Event "Aberto Brasil - II Niterói Chess Open "]
[Site "Salão de Convenções do Hot"]
[Date "2022.09.03"]
[Round "4.14"]
[White "Cominato Neto, Jose Luis"]
[Black "Nemeth Junior, Henrique"]
[Result "1/2-1/2"]
[WhiteElo "2270"]
[BlackElo "2137"]
[PlyCount "47"]
[EventDate "2022.09.01"]
[EventRounds "9"]
[EventCountry "BRA"]

1. e4 c5 2. Nf3 e6 3. c4 Nc6 4. Be2 Nd4 5. Nxd4 cxd4 6. O-O e5 7. f4 d6 8. d3
Be7 9. Qe1 Bh4 10. g3 Bf6 11. Kg2 h5 12. h3 Ne7 13. f5 Nc6 14. Na3 a6 15. Bd2
Bg5 16. Rf2 Bd7 17. Rc1 b6 18. h4 Bxd2 19. Qxd2 Qf6 20. Nc2 Ke7 21. Rh1 Raf8
22. Rhf1 Qh6 23. Qxh6 Rxh6 24. Rc1 1/2-1/2

[Event "Aberto Brasil - II Niterói Chess Open "]
[Site "Salão de Convenções do Hot"]
[Date "2022.09.03"]
[Round "4.15"]
[White "Medeiros, Thauane Ferreira"]
[Black "Rego, Vinicius V. De Alme"]
[Result "1/2-1/2"]
[WhiteElo "1905"]
[BlackElo "2269"]
[PlyCount "21"]
[EventDate "2022.09.01"]
[EventRounds "9"]
[EventCountry "BRA"]

1. d4 Nf6 2. Nf3 g6 3. Bf4 Bg7 4. Nbd2 d6 5. e4 O-O 6. h3 b6 7. Bh2 c5 8. e5
Ne8 9. dxc5 dxc5 10. Bc4 Nc7 11. Qe2 1/2-1/2

[Event "Aberto Brasil - II Niterói Chess Open "]
[Site "Salão de Convenções do Hot"]
[Date "2022.09.03"]
[Round "4.16"]
[White "Marra, Eduardo Da Costa"]
[Black "De Carvalho, Vitor Augusto Ponci"]
[Result "1-0"]
[WhiteElo "2244"]
[BlackElo "2058"]
[PlyCount "51"]
[EventDate "2022.09.01"]
[EventRounds "9"]
[EventCountry "BRA"]

1. e4 c5 2. Nf3 e6 3. b3 b6 4. d4 cxd4 5. Nxd4 a6 6. Bb2 Bb7 7. Bd3 d6 8. Qe2
e5 9. Nf5 Ne7 10. Ne3 Nd7 11. Nc3 g6 12. h4 Nf6 13. O-O-O Bg7 14. g4 O-O 15. h5
d5 16. exd5 Nexd5 17. Ncxd5 Nxd5 18. Nxd5 Bxd5 19. Rhe1 Qg5+ 20. Kb1 Be6 21. f3
Rfe8 22. hxg6 fxg6 23. Be4 Ra7 24. Qf2 Ree7 25. Qxb6 a5 26. Ba3 1-0

[Event "Aberto Brasil - II Niterói Chess Open "]
[Site "Salão de Convenções do Hot"]
[Date "2022.09.03"]
[Round "4.17"]
[White "Silva, Caio Henrique Angel"]
[Black "Mesias Rojas, Rabindranath"]
[Result "1-0"]
[WhiteElo "1959"]
[BlackElo "2227"]
[PlyCount "95"]
[EventDate "2022.09.01"]
[EventRounds "9"]
[EventCountry "BRA"]

1. Nf3 c5 2. c4 Nc6 3. d4 cxd4 4. Nxd4 g6 5. g3 Nf6 6. Bg2 Bg7 7. O-O O-O 8.
Nc3 a6 9. Nc2 d6 10. b3 Qa5 11. Bb2 Qh5 12. e4 Bg4 13. f3 Bh3 14. Nd5 Bxg2 15.
Kxg2 Nxd5 16. Bxg7 Nf4+ 17. gxf4 Kxg7 18. Qd5 f5 19. Nd4 Nxd4 20. Qxd4+ Kh6 21.
e5 Rad8 22. Rad1 Rg8 23. h4 Rd7 24. exd6 exd6 25. Qf6 Rdd8 26. Rxd6 Rgf8 27.
Qg5+ Qxg5+ 28. hxg5+ Kg7 29. Rfd1 Rxd6 30. Rxd6 Rf7 31. Kf2 Re7 32. b4 h5 33.
a4 Rc7 34. c5 a5 35. b5 Rxc5 36. Rd7+ Kf8 37. Rxb7 Rc4 38. Ra7 Rb4 39. Rxa5 Ke7
40. Ra6 Rxf4 41. b6 Rb4 42. Ra7+ Kd6 43. a5 h4 44. Kg2 Ke5 45. b7 Kf4 46. a6
Rb2+ 47. Kh3 Kxf3 48. Ra8 1-0

[Event "Aberto Brasil - II Niterói Chess Open "]
[Site "Salão de Convenções do Hot"]
[Date "2022.09.03"]
[Round "4.18"]
[White "Rangel, Daniel"]
[Black "Lopes, Artur Farias"]
[Result "1-0"]
[WhiteElo "2189"]
[BlackElo "2037"]
[PlyCount "73"]
[EventDate "2022.09.01"]
[EventRounds "9"]
[EventCountry "BRA"]

1. d4 b6 2. Nf3 Bb7 3. g3 e6 4. Bg2 f5 5. O-O Nf6 6. c4 d6 7. Nc3 Be7 8. d5 e5
9. Ng5 Bc8 10. Ne6 Bxe6 11. dxe6 c6 12. e4 fxe4 13. Nxe4 O-O 14. b4 Qc8 15. b5
Qxe6 16. bxc6 Na6 17. Nxf6+ Qxf6 18. c7 e4 19. Be3 Nc5 20. Bxc5 dxc5 21. Bh3
Qd4 22. Be6+ Kh8 23. Qe2 Qe5 24. c8=Q Raxc8 25. Bxc8 Rxc8 26. Rae1 Bf6 27. Qxe4
Qb8 28. Re2 Rf8 29. Rc1 Bc3 30. Rd1 Bd4 31. Rd3 b5 32. Rb3 b4 33. Rf3 Bf6 34.
Rf5 b3 35. axb3 Qxb3 36. Rxc5 h6 37. Kg2 1-0

[Event "Aberto Brasil - II Niterói Chess Open "]
[Site "Salão de Convenções do Hot"]
[Date "2022.09.03"]
[Round "4.19"]
[White "Do Valle Cardoso, Lucas"]
[Black "Bail, Ellen Larissa"]
[Result "1-0"]
[WhiteElo "2162"]
[BlackElo "1899"]
[PlyCount "87"]
[EventDate "2022.09.01"]
[EventRounds "9"]
[EventCountry "BRA"]

1. e4 c6 2. d4 d5 3. Nc3 dxe4 4. Nxe4 Nf6 5. Nxf6+ exf6 6. c3 Bd6 7. Bd3 O-O 8.
Ne2 Re8 9. Qc2 h5 10. Be3 Nd7 11. O-O-O Nf8 12. Kb1 Be6 13. c4 Rc8 14. Nc3 Bb4
15. Ne4 Be7 16. Nc5 Qc7 17. Nxe6 Nxe6 18. Bh7+ Kh8 19. Bf5 Bd6 20. d5 cxd5 21.
Rxd5 Be5 22. f4 Bxf4 23. Bxe6 Rxe6 24. Rxh5+ Kg8 25. Qh7+ Kf8 26. Rc5 Qxc5 27.
Bxc5+ Rxc5 28. Rd1 Ke7 29. Qd3 Rd6 30. Qe4+ Be5 31. Qxb7+ Ke6 32. Rxd6+ Bxd6
33. b3 a5 34. Qe4+ Re5 35. Qg4+ f5 36. Qxg7 Re1+ 37. Kc2 Re2+ 38. Kd1 Rxa2 39.
Qd4 Bxh2 40. Qb6+ Kd7 41. c5 Bc7 42. Qb7 Rb2 43. Qd5+ Ke8 44. Qc6+ 1-0

[Event "Aberto Brasil - II Niterói Chess Open "]
[Site "Salão de Convenções do Hot"]
[Date "2022.09.03"]
[Round "4.20"]
[White "Pires, Marcos Vinicius Tor"]
[Black "Araujo, Renan Aparecido"]
[Result "1-0"]
[WhiteElo "2262"]
[BlackElo "2031"]
[PlyCount "67"]
[EventDate "2022.09.01"]
[EventRounds "9"]
[EventCountry "BRA"]

1. Nf3 Nf6 2. d4 e6 3. g3 d5 4. Bg2 Be7 5. O-O O-O 6. c4 c6 7. Qc2 b6 8. Nbd2
Bb7 9. e4 Na6 10. a3 c5 11. exd5 exd5 12. dxc5 Nxc5 13. b4 Ne6 14. Bb2 dxc4 15.
Nxc4 Rc8 16. Qb3 Bd5 17. Nfe5 Bxg2 18. Kxg2 Qd5+ 19. Qf3 Qxf3+ 20. Kxf3 Rfd8
21. Rfd1 Nd5 22. Ne3 Nxe3 23. Kxe3 Rc2 24. Rxd8+ Bxd8 25. Nd3 b5 26. Rc1 Bb6+
27. Ke4 Rxc1 28. Bxc1 Kf8 29. Kd5 Ke7 30. Be3 Bxe3 31. fxe3 Kd7 32. Ne5+ Kc7
33. Nxf7 Nf8 34. Nd6 1-0

[Event "Aberto Brasil - II Niterói Chess Open "]
[Site "Salão de Convenções do Hot"]
[Date "2022.09.03"]
[Round "4.21"]
[White "Silva, Kaua Marques"]
[Black "Silva, Luiz Renato Marini"]
[Result "1/2-1/2"]
[WhiteElo "2199"]
[BlackElo "1965"]
[PlyCount "86"]
[EventDate "2022.09.01"]
[EventRounds "9"]
[EventCountry "BRA"]

1. e4 e6 2. d4 c5 3. d5 exd5 4. exd5 d6 5. Nf3 Nf6 6. Nc3 Be7 7. g3 O-O 8. Bg2
a6 9. a4 Bg4 10. O-O Nbd7 11. h3 Bh5 12. Bf4 Re8 13. Re1 Bf8 14. Qd2 Qa5 15.
Nh4 Rxe1+ 16. Rxe1 Re8 17. Nf5 Qc7 18. Rxe8 Nxe8 19. Qe3 Qd8 20. Be4 Bg6 21. g4
Ne5 22. Qg3 Qf6 23. h4 Bxf5 24. Bg5 Bxe4 25. Bxf6 Nxf6 26. Nxe4 Nxe4 27. Qb3 b5
28. axb5 axb5 29. Qxb5 Nf6 30. Qb7 Nexg4 31. c3 Ne5 32. b4 cxb4 33. cxb4 Nd3
34. b5 Nc5 35. Qc6 Nfd7 36. b6 Nxb6 37. Qxb6 Nd7 38. Qb7 Nf6 39. Kg2 g6 40. f4
Nh5 41. Kf3 Ng7 42. Qc8 h5 43. Ke4 Nf5 1/2-1/2

[Event "Aberto Brasil - II Niterói Chess Open "]
[Site "Salão de Convenções do Hot"]
[Date "2022.09.03"]
[Round "4.22"]
[White "Tamarozi, Isabelle"]
[Black "Caldeira, Adriano"]
[Result "1-0"]
[WhiteElo "1965"]
[BlackElo "2192"]
[PlyCount "75"]
[EventDate "2022.09.01"]
[EventRounds "9"]
[EventCountry "BRA"]

1. e4 c5 2. Nf3 d6 3. Bb5+ Bd7 4. Bxd7+ Qxd7 5. d4 cxd4 6. Nxd4 Nf6 7. Qd3 Nc6
8. O-O Rc8 9. Bg5 Nb4 10. Qe2 e5 11. a3 Nc6 12. Nf5 Ng8 13. Nc3 g6 14. Nd5 h6
15. Bf6 gxf5 16. Bxh8 Nd4 17. Qh5 Rxc2 18. exf5 Qc6 19. Nb4 Qe4 20. Nxc2 Nxc2
21. Rac1 Ne7 22. Qf3 Qxf3 23. gxf3 Nd4 24. f6 Nec6 25. Bg7 Ne6 26. Bxf8 Nxf8
27. Rfe1 Ne6 28. Rc4 Ned4 29. Kg2 Kd7 30. f4 d5 31. Rxc6 bxc6 32. Rxe5 Kd6 33.
Re7 a5 34. Rxf7 Ke6 35. Ra7 Kxf6 36. Rxa5 Kf5 37. Ra4 c5 38. Rxd4 1-0

[Event "Aberto Brasil - II Niterói Chess Open "]
[Site "Salão de Convenções do Hot"]
[Date "2022.09.03"]
[Round "4.23"]
[White "Baptista, Andre Kemper"]
[Black "Viana, Dirceu"]
[Result "0-1"]
[WhiteElo "1900"]
[BlackElo "2190"]
[PlyCount "58"]
[EventDate "2022.09.01"]
[EventRounds "9"]
[EventCountry "BRA"]

1. e4 e5 2. Nf3 d6 3. d4 exd4 4. Nxd4 Nf6 5. Nc3 Be7 6. Bc4 O-O 7. O-O Re8 8.
f3 Nc6 9. Be3 Bf8 10. Bg5 Ne5 11. Bb3 h6 12. Bh4 c6 13. Nde2 Ng6 14. Bg3 b5 15.
Nf4 Nxf4 16. Bxf4 b4 17. Ne2 Ba6 18. Re1 d5 19. Ng3 Bc5+ 20. Kh1 Bf2 21. Qd2
Bxe1 22. Rxe1 dxe4 23. Qxb4 exf3 24. gxf3 Nd5 25. Rxe8+ Qxe8 26. Bxd5 cxd5 27.
Nf5 Qe2 28. h3 Qxf3+ 29. Kh2 Re8 0-1

[Event "Aberto Brasil - II Niterói Chess Open "]
[Site "Salão de Convenções do Hot"]
[Date "2022.09.03"]
[Round "4.24"]
[White "Da Costa, Loyson Rodrigues"]
[Black "Guimaraes, Wagner Peixoto"]
[Result "0-1"]
[WhiteElo "1891"]
[BlackElo "2188"]
[PlyCount "96"]
[EventDate "2022.09.01"]
[EventRounds "9"]
[EventCountry "BRA"]

1. d4 d5 2. c4 c6 3. Nc3 Nf6 4. Nf3 e6 5. Bg5 dxc4 6. e4 b5 7. e5 h6 8. Bh4 g5
9. Nxg5 hxg5 10. Bxg5 Nbd7 11. Qf3 Qb6 12. Bxf6 Nxf6 13. Qxf6 Rh6 14. Qf4 Bb7
15. O-O-O Rh7 16. Kb1 O-O-O 17. Be2 b4 18. Na4 Qa5 19. b3 c3 20. Bf3 Rd7 21.
Be4 Rh8 22. Qf3 Qc7 23. Qe3 Rh4 24. g3 Rxe4 25. Qxe4 c5 26. Qe2 Bxh1 27. Rxh1
Rxd4 28. f4 Qc6 29. Rd1 Rxd1+ 30. Qxd1 Qg2 31. Qd3 Qg1+ 32. Kc2 Qxh2+ 33. Kb1
Qg1+ 34. Kc2 Qf2+ 35. Kb1 Qe1+ 36. Kc2 Kc7 37. a3 a5 38. axb4 axb4 39. Nxc3
Qxc3+ 40. Qxc3 bxc3 41. Kxc3 Kc6 42. Kc4 Bh6 43. b4 cxb4 44. Kxb4 Kd5 45. Kb5
Ke4 46. Kc6 Bxf4 47. gxf4 Kxf4 48. Kd6 Kf5 0-1

[Event "Aberto Brasil - II Niterói Chess Open "]
[Site "Salão de Convenções do Hot"]
[Date "2022.09.03"]
[Round "4.25"]
[White "Petrenko, Willy"]
[Black "Aranha Filho, Alvaro Z."]
[Result "0-1"]
[WhiteElo "1877"]
[BlackElo "2184"]
[PlyCount "90"]
[EventDate "2022.09.01"]
[EventRounds "9"]
[EventCountry "BRA"]

1. e4 c5 2. Nf3 Nc6 3. g3 e5 4. Bg2 g6 5. c4 Bg7 6. d3 d6 7. h3 Nge7 8. Nc3 O-O
9. O-O f5 10. Nd5 Nxd5 11. cxd5 Nb8 12. Bg5 Qe8 13. Bd2 h6 14. Nh2 f4 15. g4 b6
16. b4 Ba6 17. Qb3 Qb5 18. bxc5 bxc5 19. Rfd1 Qxd3 20. Qxd3 Bxd3 21. Ba5 Be2
22. Re1 f3 23. Bf1 Bxf1 24. Kxf1 Nd7 25. Bc7 Rf6 26. g5 Rf4 27. Bxd6 Bf8 28.
Bxf8 Raxf8 29. Ng4 h5 30. Nh6+ Kh8 31. Rab1 Rh4 32. Rb7 Rxh3 33. Kg1 Rf4 34.
Rxd7 Rfh4 35. Rd8+ Kg7 36. Rd7+ Kf8 37. Rf7+ Ke8 38. Rxf3 Rxf3 39. Kg2 Rfh3 40.
Rb1 Rh2+ 41. Kf3 Rf4+ 42. Kg3 Rhxf2 43. Rb8+ Kd7 44. Rb7+ Kc8 45. Rxa7 R4f3+
0-1

[Event "Aberto Brasil - II Niterói Chess Open "]
[Site "Salão de Convenções do Hot"]
[Date "2022.09.03"]
[Round "4.26"]
[White "Sega, Carlos Alberto"]
[Black "De Albuquerque, Ian Telek C."]
[Result "1-0"]
[WhiteElo "2184"]
[BlackElo "1958"]
[PlyCount "107"]
[EventDate "2022.09.01"]
[EventRounds "9"]
[EventCountry "BRA"]

1. c4 Nf6 2. Nc3 c5 3. e3 d5 4. d4 cxd4 5. exd4 Nc6 6. Nf3 g6 7. cxd5 Nxd5 8.
Qb3 Nxc3 9. Bc4 Nd5 10. Bxd5 e6 11. Bxc6+ bxc6 12. O-O Qd5 13. Qc3 Bg7 14. Qa3
Bf8 15. Qa4 Bg7 16. Be3 O-O 17. Rfc1 Qb5 18. Qxb5 cxb5 19. Rc7 b4 20. Rac1 Ba6
21. Ne5 Bxe5 22. dxe5 Rfc8 23. h4 Kg7 24. b3 Rxc7 25. Rxc7 Bd3 26. Bxa7 Bb1 27.
Bc5 Bxa2 28. Bxb4 Bxb3 29. Be7 h5 30. Kh2 Bd5 31. Kg3 Ba2 32. f3 Bd5 33. Kf4
Ra4+ 34. Kg3 Ra8 35. Rc3 Bb7 36. Kf4 Bd5 37. g4 Ra4+ 38. Kg3 hxg4 39. fxg4 Ra8
40. Rc7 Be4 41. Bf6+ Kg8 42. Kf4 Bd3 43. Kg5 Be4 44. h5 gxh5 45. gxh5 Bf5 46.
Kh6 Be4 47. Rd7 Bf5 48. Be7 Re8 49. Rc7 Be4 50. Rc1 Bg2 51. Bf6 Bf3 52. Rg1+
Kf8 53. Kh7 Be4+ 54. Kh8 1-0

[Event "Aberto Brasil - II Niterói Chess Open "]
[Site "Salão de Convenções do Hot"]
[Date "2022.09.03"]
[Round "4.27"]
[White "Karoly, Carlos Acacio Gomes"]
[Black "Federzoni, Enzo"]
[Result "1/2-1/2"]
[WhiteElo "1854"]
[BlackElo "2158"]
[PlyCount "96"]
[EventDate "2022.09.01"]
[EventRounds "9"]
[EventCountry "BRA"]

1. e4 c5 2. Nf3 d6 3. Bb5+ Bd7 4. Bxd7+ Nxd7 5. d4 cxd4 6. Qxd4 Ngf6 7. Nc3 g6
8. O-O Bg7 9. Re1 O-O 10. Bg5 h6 11. Bh4 Qb6 12. Qd2 Rac8 13. Rab1 g5 14. Bg3
Nh5 15. Nd5 Qd8 16. c3 Nxg3 17. hxg3 Nf6 18. Rbd1 Re8 19. Nd4 Nxd5 20. exd5 Qd7
21. Qd3 Bxd4 22. Qxd4 b5 23. Qd3 a5 24. Re6 Kg7 25. Qd4+ f6 26. Rde1 Rc7 27.
Qe4 Qd8 28. f4 Qb8 29. f5 Qd8 30. Qg4 Rg8 31. Qh5 Kh7 32. g4 b4 33. c4 a4 34.
b3 axb3 35. axb3 Ra7 36. Kh2 Rg7 37. R1e3 Kg8 38. Rh3 Rh7 39. Qg6+ Kh8 40. Rxh6
Qg8 41. Rxh7+ Qxh7+ 42. Qxh7+ Kxh7 43. Re3 Kg7 44. Kg3 Kf7 45. Kf3 Ra1 46. Ke4
Ke8 47. Kd4 Rd1+ 48. Rd3 Rc1 1/2-1/2